000 00944nam a22002297a 4500
005 20250129154851.0
008 250129b |||||||| |||| 00| 0 eng d
020 _a978-93-93317-82-7 (hbk)
037 _cTB
040 _aAL
_cAL
041 _2hin
_ahin
084 _aLBv 152R4
_qAL
100 _aरस्तोगी, अंशुला
245 _aआयुर्वेद का इतिहास
260 _aनई दिल्ली, भारत:
_bहिन्द प्रकाशन
_c2024
300 _a240 पृ0
365 _b1200.00
_cINR
650 _aचिकित्सा
653 _aचिकित्सा
942 _2CC
_cTB
_hLBv 152R4
_n0
999 _c1238302
_d1238302